Missing Word: Actresses Not Born in the US Quiz Stats

Quiz Updated Nov 4, 2015

Challenge
Share
Tweet
Embed
Score 0/30 Timer 05:00
0 Plays Today
Hint Answer % Correct
Ingrid Bergman (Sweden)Hyde
98.7%
Audrey Hepburn (Belgium)Breakfast
98.4%
Ingrid Bergman (Sweden)Joan
98.3%
Olivia de Havilland (Japan)Robin
98.3%
Olivia de Havilland (Japan)Wind
98.3%
Audrey Hepburn (Belgium)Lady
98.2%
Ingrid Bergman (Sweden)Whom
96.6%
Sophia Loren (Italy)Tomorrow
96%
Elizabeth Taylor (UK)Roof
95.5%
Vivien Leigh (India)Streetcar
95.5%
Ingrid Bergman (Sweden)Orient
95.1%
Olivia de Havilland (Japan)Midsummer
92.9%
Sophia Loren (Italy)Hong
86%
Sophia Loren (Italy)Mancha
82%
Elizabeth Taylor (UK)Woolf
81.4%
Hint Answer % Correct
Audrey Hepburn (Belgium)Roman
78.9%
Vivien Leigh (India)Karenina
69.4%
Olivia de Havilland (Japan)Died
68.6%
Vivien Leigh (India)Cleopatra
59.3%
Vivien Leigh (India)Ship
53%
Sophia Loren (Italy)Cid
52%
Elizabeth Taylor (UK)Mirror
49.4%
Audrey Hepburn (Belgium)Million
46%
Elizabeth Taylor (UK)BUtterfield
39.8%
Olivia de Havilland (Japan)Daughter
36.8%
Sophia Loren (Italy)Porter
34.4%
Audrey Hepburn (Belgium)Nun's
23.2%
Ingrid Bergman (Sweden)Sixth
21.1%
Elizabeth Taylor (UK)Wood
20.6%
Vivien Leigh (India)Bridge
18.4%

Today's Daily Dose

You're not logged in!

Compare scores with friends on all Sporcle quizzes.
Join for Free
OR
Log In

You Might Also Like...

Show Comments

Extras

Top Quizzes Today


Score Distribution

Your Account Isn't Verified!

In order to create a playlist on Sporcle, you need to verify the email address you used during registration. Go to your Sporcle Settings to finish the process.

Report this User

Report this user for behavior that violates our Community Guidelines.

Details: